000 00732nam a2200217Ia 4500
003 GCL
008 140319s9999 xx 000 0 ara d
040 _aGCL /
_cGCL
082 0 4 _a257.2
_bق س
100 1 _aقطب ابراهيم محمد
245 1 0 _aالسياسة المالية لعمر بن عبدالعزيز /
_cقطب ابراهيم محمد
260 _a[S.N] :
_bالهيئة المصرية العامة للكتاب ،
_c1988
300 _a242 ص
490 _aدراسات اسلامية
_v0
650 0 4 _aتاريخ
650 0 4 _aالاسلام
650 0 4 _aالاقتصاد الاسلامى
650 0 4 _aالاسلام والاقتصاد
650 0 4 _aعمر بن عبد العزيز
942 _2ddc
_cBK
999 _c28308
_d28308